| 000 | 00698nam a2200169 a 4500 | ||
|---|---|---|---|
| 003 | 0 | ||
| 005 | 20250528151345.0 | ||
| 008 | 021022s19uu xx 00 eng d | ||
| 050 |
_aPHS HQ 799.2.I5 _b.M34 2002 |
||
| 100 | _aMagnaye, Patick B. | ||
| 245 |
_aA Comparative study on the third year high school internet usage of the students of Southville International School and Elizabeth Seton School / _cPatrick B. Magnaye. |
||
| 260 |
_aLas PiƱas City, Philippines : _bSouthville International School and Colleges, _c2002. |
||
| 300 |
_a27 pages : _billustrations ; _c28 cm. |
||
| 650 |
_aInternet and teenagers _zPhilippines. |
||
| 650 |
_aInternet _xSocial aspects _zPhilippines. |
||
| 942 |
_2lcc _cPASS |
||
| 999 |
_c96719 _d96719 |
||